Pokémon Letter "M" for each type - Statistics

General Stats
  • This quiz has been taken 10 times
  • The average score is 14 of 18
Answer Stats
Type Pokémon % Correct
Steel Magearna|Magnemite|Magneton|Magnezone|Mawile|Melmetal|Meltan|Metagross|Metang
100%
Water Magikarp|Manaphy|Mantine|Mantyke|Mareanie|Marill|Marshtomp|Milotic|Mudkip
100%
Psychic Malamar|Medicham|Meditite|Meloetta|Meowstic|Mesprit|Metagross|Metang|Mew| Mewtwo|Mime Jr.|Mr. Mime|Mr. Rime|Munkidori|Munna|Musharna
100%
Fighting Machoke|Machop|Machamp|Makuhita|Mankey|Marshadow|Medicham|Meditite| Mienfoo|Mienshao|Monferno
88%
Poison Mareanie|Muk|Munkidori
88%
Normal Maushold|Meloetta|Meowth|Miltank|Minccino|Munchlax
88%
Dark Mabosstiff|Malamar|Mandibuzz|Maschiff|Meowscarada|Mightyena|Morgrem|Morpeko| Murkrow
75%
Fire Magby|Magcargo|Mamar|Magmortar|Moltres|Monferno
75%
Rock Magcargo|Minior
75%
Fairy Magearna|Marill|Mawile|Milcery|Mime Jr.|Mimikyu|Morelull|Morgrem|Mr. Mime
75%
Electric Magnemite|Magneton|Magnezone|Manectric|Magnezone|Minun|Miraidon|Morpeko
75%
Ground Mamoswine|Marowak|Marshtomp|Mudbray|Mudsdale
75%
Ice Mamoswine|Mr. Rime
75%
Flying Mandibuzz|Mantine|Mantyke|Masquerain|Minior|Moltres|Mothim|Murkrow
75%
Bug Maquerain|Metapod|Mothim
50%
Grass Maractus|Meganium|Meowscarada|Morelull
50%
Ghost Marshadow|Mimikyu|Misdreavus|Mismagius
50%
Dragon Miraidon
38%
No matching quizzes found
Score Distribution
Percent of People with Each Score
Percentile by Number Answered
Your Score History
You have not taken this quiz